[Event "IND-chB (Women) 42nd"]
[Site "Bhayandar"]
[Date "2015.07.02"]
[Round "1"]
[White "Kiran, Manisha Mohanty"]
[Black "Versha, Rani"]
[Result "1-0"]
[WhiteElo "2146"]
[BlackElo "1409"]
[PlyCount "51"]
[EventDate "2015.07.02"]
[EventType "swiss"]
[EventRounds "11"]
[EventCountry "IND"]
[SourceTitle "CBM 167 Extra"]
[Source "ChessBase"]
[SourceDate "2015.09.14"]
[SourceVersion "1"]
[SourceVersionDate "2015.09.14"]
[SourceQuality "1"]

1. e4 e6 2. d4 d5 3. Nc3 c6 4. Bd3 Qb6 5. Nf3 Ne7 6. 0-0 g6 7. Bg5 Nd7 8. Re1 Qc7 9. Qe2 Nb6 10. exd5 Nexd5 11. Nxd5 Nxd5 12. c4 Ne7 13. Bf6 Rg8 14. Ne5 Bg7 15. Qf3 Nf5 16. Bxg7 Rxg7 17. d5 Bd7 18. Nxd7 Qxd7 19. Bxf5 gxf5 20. Rad1 0-0-0 21. dxe6 Qe7 22. Rxd8+ Kxd8 23. Qxf5 fxe6 24. Qxe6 Qxe6 25. Rxe6 Kd7 26. Re2 1-0